| 000 | 00846nam a2200217 i 4500 | ||
|---|---|---|---|
| 001 | 108017 | ||
| 003 | ES-MaACL | ||
| 007 | t| | ||
| 008 | 070110s1942 sp ||||1| spa d | ||
| 080 | _a686.1(460) | ||
| 100 | 1 |
_aLópez Serrano, Matilde. _973985 |
|
| 245 | 1 | 3 |
_aLa encuadernación en España / _cpor Matilde López Serrano. |
| 260 |
_aMadrid : _bPublicaciones de la Escuela de Artes y Oficios Artísticos de Madrid, _c1942. |
||
| 300 |
_a34 p., 5 lám. ; _c20 cm. |
||
| 490 | 1 |
_aPublicaciones de la Escuela de Artes y Oficios Artísticos de Madrid ; _v11 |
|
| 650 | 1 | 4 |
_aEncuadernación- _zEspaña. _912242 |
| 710 | 2 |
_aEscuela de Artes y Oficios Artísticos (Madrid) _93524 |
|
| 830 | 0 |
_aPublicaciones de la Escuela de Artes y Oficios Artísticos de Madrid ; _v11 _9185495 |
|
| 852 |
_aES-MaACL _jE-4421 _bR.21465 |
||
| 999 |
_c108017 _d108017 |
||